Normal view
MARC view
Entry Personal Name
001 - CONTROL NUMBER
- control field: 76424
003 - CONTROL NUMBER IDENTIFIER
- control field: OSt
005 - DATE AND TIME OF LATEST TRANSACTION
- control field: 20190828133152.0
008 - FIXED-LENGTH DATA ELEMENTS
- fixed length control field: 190828|| aca||aabn | a|a d
040 ## - CATALOGING SOURCE
- Original cataloging agency: OSt
- Transcribing agency: OSt
100 ## - HEADING--PERSONAL NAME
- Personal name: वैध ,डॉ सूर्यप्रकाश
670 ## - SOURCE DATA FOUND
- Source citation: Work cat.: (OSt): वैध ,डॉ सूर्यप्रकाश , हरिऔध कृत प्रियप्रवास , 2016









